<?xml version="1.0" encoding="UTF-8"?>
<record
    xmlns:xsi="http://www.w3.org/2001/XMLSchema-instance"
    xsi:schemaLocation="http://www.loc.gov/MARC21/slim http://www.loc.gov/standards/marcxml/schema/MARC21slim.xsd"
    xmlns="http://www.loc.gov/MARC21/slim">

  <leader>03899nab a2200337 i 4500</leader>
  <controlfield tag="003">BR-BrBNA</controlfield>
  <controlfield tag="005">20250616180132.0</controlfield>
  <controlfield tag="008">250616b2023    bl.mr|pooa||| 00| 0 eng |</controlfield>
  <datafield tag="040" ind1=" " ind2=" ">
    <subfield code="a">BR-BrBNA</subfield>
    <subfield code="b">eng</subfield>
  </datafield>
  <datafield tag="072" ind1=" " ind2=" ">
    <subfield code="a">F30</subfield>
    <subfield code="b">0430</subfield>
  </datafield>
  <datafield tag="072" ind1=" " ind2=" ">
    <subfield code="a">F61</subfield>
  </datafield>
  <datafield tag="072" ind1=" " ind2=" ">
    <subfield code="a">F01</subfield>
  </datafield>
  <datafield tag="100" ind1=" " ind2=" ">
    <subfield code="a">Cordeiro, Carlos F. dos S. </subfield>
  </datafield>
  <datafield tag="100" ind1=" " ind2=" ">
    <subfield code="a">Echer, F&#xE1;bio R. </subfield>
  </datafield>
  <datafield tag="100" ind1=" " ind2=" ">
    <subfield code="a">Rodrigues, Daniel R. </subfield>
  </datafield>
  <datafield tag="245" ind1=" " ind2=" ">
    <subfield code="a">Plant density and leaf morphology affects yield, fiber quality, and nutrition of cotton</subfield>
  </datafield>
  <datafield tag="500" ind1=" " ind2=" ">
    <subfield code="a">Publica&#xE7;&#xE3;o on-line; 27 ref.; 8 illus; Sumaries (En, Pt)</subfield>
  </datafield>
  <datafield tag="520" ind1=" " ind2=" ">
    <subfield code="a">

ABSTRACT: In sandy soils with frequent drought events, the choice of cultivar and plant density is crucial to improve water use efficiency and avoid losses in cotton yield and fiber quality. This study aimed to evaluate cotton cultivars&#x2019; yield and fiber quality at different plant densities. The study was carried out during two growing seasons (2017/2018 and 2018/2019) on sandy soil in southeastern Brazil. The cultivar TMG 47B2RF showed 27 and 29% higher yields under low and medium plant density, respectively, when compared with the highest plant density. The higher yield was due to the higher number of bolls in relation to the cultivar DBB 509B2RF. The boll weight of cultivar DBB 509B2RF was 23 and 22% higher under low and medium plant density, respectively. Fiber length and strength were higher in TMG 47B2RF compared to DBB 509B2RF. The leaf nutrient content was higher in DBB 509B2RF, except for Ca and Mg. When there is a regular rainfall, the low plant density results in higher yields, but intermediate plant density is the best option in cropping seasons with severe drought. The high density of plants in sandy soil environments was never a better option for none of the cultivars.

Key words: leaf morphology, cultivars, plant nutrition, fiber strength</subfield>
  </datafield>
  <datafield tag="520" ind1=" " ind2=" ">
    <subfield code="a">

RESUMO: Em solos arenosos com secas frequentes, a escolha da cultivar e densidade de plantas &#xE9; fundamental para melhorar a efici&#xEA;ncia do uso da &#xE1;gua e evitar perdas na produtividade e qualidade da fibra do algod&#xE3;o. Objetivou-se avaliar a produtividade e a qualidade da fibra de cultivares de algod&#xE3;o em diferentes densidades de plantas. O estudo foi realizado em duas safras (2017/2018 e 2018/2019) em solo arenoso no sudeste do Brasil. A cultivar TMG 47B2RF teve produtividade 27 e 29% maiores sob baixa e m&#xE9;dia densidade de plantas, respectivamente, em compara&#xE7;&#xE3;o com a maior densidade de plantas. A maior produtividade deveu-se ao maior n&#xFA;mero de capulhos em rela&#xE7;&#xE3;o &#xE0; cultivar DBB 509B2RF. O peso dos capulhos da cultivar DBB 509B2RF foi 23 e 22% maior em baixa e m&#xE9;dia densidade, respectivamente. O comprimento e a resist&#xEA;ncia da fibra foram maiores com a cultivar TMG 47B2RF comparado com a cultivar DBB 509B2RF. O teor de nutrientes nas folhas foi maior no DBB 509B2RF, exceto Ca e Mg. Quando h&#xE1; chuvas regulares, a baixa densidade de plantas resulta em maiores produtividades, mas a densidade intermedi&#xE1;ria de plantas &#xE9; a melhor op&#xE7;&#xE3;o em safras com seca severa. Alta densidade de plantas em ambientes de solo arenoso n&#xE3;o foi a melhor op&#xE7;&#xE3;o para nenhuma das cultivares.

Palavras-chave: morfologia foliar, cultivares, nutri&#xE7;&#xE3;o de plantas, resist&#xEA;ncia das fibras</subfield>
  </datafield>
  <datafield tag="650" ind1=" " ind2=" ">
    <subfield code="a">ALGOD&#xC3;O</subfield>
  </datafield>
  <datafield tag="650" ind1=" " ind2=" ">
    <subfield code="a">NUTRI&#xC7;&#xC3;O VEGETAL</subfield>
  </datafield>
  <datafield tag="650" ind1=" " ind2=" ">
    <subfield code="a">CONDI&#xC7;&#xC3;O AMBIENTAL</subfield>
  </datafield>
  <datafield tag="650" ind1=" " ind2=" ">
    <subfield code="a">COMPORTAMENTO DE VARIEDADE</subfield>
  </datafield>
  <datafield tag="650" ind1=" " ind2=" ">
    <subfield code="a">MORFOLOGIA VEGETAL</subfield>
  </datafield>
  <datafield tag="650" ind1=" " ind2=" ">
    <subfield code="a">FOLHA</subfield>
  </datafield>
  <datafield tag="650" ind1=" " ind2=" ">
    <subfield code="a">PRODUTIVIDADE</subfield>
  </datafield>
  <datafield tag="773" ind1="0" ind2=" ">
    <subfield code="0">3534</subfield>
    <subfield code="9">317831</subfield>
    <subfield code="d">Campina Grande-PB Universidade Federal de Campina Grande. Centro de Ci&#xEA;ncias e Tecnologia 1997</subfield>
    <subfield code="o">2024-4550</subfield>
    <subfield code="t">Revista Brasileira de Engenharia Agr&#xED;cola e Ambiental (Brazil)</subfield>
    <subfield code="x">1415-4366</subfield>
    <subfield code="g">v. 27 (3) p. 181-187; (2023)</subfield>
    <subfield code="w">BR2025001478</subfield>
  </datafield>
  <datafield tag="856" ind1=" " ind2=" ">
    <subfield code="u">https://www.scielo.br/j/rbeaa/a/k67F8cWYbBQVMQmFvJckbCm/?format=pdf&amp;lang=en</subfield>
  </datafield>
  <datafield tag="942" ind1=" " ind2=" ">
    <subfield code="c">ANA</subfield>
  </datafield>
  <datafield tag="999" ind1=" " ind2=" ">
    <subfield code="c">332088</subfield>
    <subfield code="d">332088</subfield>
  </datafield>
</record>
